[Event "Titled Tuesday intern op 12th Oct"]
[Site "Chess.com INT"]
[Date "2021.10.12"]
[Round "3"]
[White "Solovchuk, Alexey"]
[Black "Indjic, Aleksandar"]
[Result "0-1"]
[WhiteElo "2321"]
[BlackElo "2612"]
[PlyCount "82"]
[EventDate "2021.10.12"]
[EventType "swiss (blitz)"]
[EventRounds "11"]
[EventCountry "USA"]
[SourceTitle "EXT 2023"]
[Source "ChessBase"]
[SourceDate "2022.10.05"]
[SourceVersion "1"]
[SourceVersionDate "2022.10.05"]
[SourceQuality "1"]

1. d4 Nf6 2. Nf3 c5 3. e3 g6 4. c3 Bg7 5. dxc5 0-0 6. b4 a5 7. Bb2 b6 8. Be2 bxc5 9. b5 Ne4 10. a4 d5 11. 0-0 c4 12. Nfd2 Nc5 13. e4 e6 14. Bf3 Bb7 15. Ba3 Nbd7 16. Qe2 Qc7 17. Qe3 Rfe8 18. Ra2 Nxa4 19. Re1 Nab6 20. exd5 Bxd5 21. Ne4 Ne5 22. Bd6 Nxf3+ 23. gxf3 Qd8 24. Nbd2 Nd7 25. Rea1 h6 26. Ng3 f5 27. f4 e5 28. b6 exf4 29. Qxf4 Qxb6 30. Bc7 Qc6 31. Rxa5 Rxa5 32. Rxa5 Bf7 33. Nf3 g5 34. Qd6 Qxd6 35. Bxd6 Bxc3 36. Rxf5 Bb2 37. Rb5 c3 38. Nd4 Bc4 39. Rb7 Re1+ 40. Kg2 Bd5+ 41. Kh3 Bxb7 0-1

[Event "UKR-ch Rapid"]
[Site "Omelnyk"]
[Date "2021.10.02"]
[Round "7"]
[White "Pyrig, Roman"]
[Black "Solovchuk, Alexey"]
[Result "0-1"]
[WhiteElo "1927"]
[BlackElo "2321"]
[PlyCount "168"]
[EventDate "2021.10.01"]
[EventType "swiss (rapid)"]
[EventRounds "9"]
[EventCountry "UKR"]
[SourceTitle "CBM 204 Extra"]
[Source "ChessBase"]
[SourceDate "2021.11.30"]
[SourceVersion "1"]
[SourceVersionDate "2021.11.30"]
[SourceQuality "1"]

1. e4 e5 2. Nf3 Nc6 3. Bc4 Be7 4. 0-0 Nf6 5. d4 d6 6. Nc3 0-0 7. h3 exd4 8. Nxd4 Re8 9. Re1 h6 10. Nxc6 bxc6 11. f4 Be6 12. Bb3 d5 13. f5 Bc5+ 14. Kh1 Bc8 15. e5 Nh7 16. Qg4 Kh8 17. Na4 Bf2 18. Rf1 Qh4 19. Qf3 Bg3 20. Bd2 Rxe5 21. Qg4 Qxg4 22. hxg4 Nf6 23. g5 hxg5 24. Bxg5 Ne4 25. Be3 Rxf5 26. Rxf5 Bxf5 27. Rf1 Be6 28. Nc5 Nxc5 29. Bxc5 Bd6 30. Bf2 a5 31. Ba4 c5 32. c3 Rb8 33. b3 Kh7 34. Rd1 Rb6 35. Kg1 Kg6 36. Rf1 Bf5 37. Be3 Be4 38. Be8 Bf5 39. Bxf7+ Kxf7 40. Rxf5+ Ke6 41. Rg5 Bf8 42. Kf1 c6 43. Rg4 Ra6 44. Ke2 Kf7 45. Rf4+ Kg8 46. Ra4 Ra8 47. Kd3 Be7 48. Bd2 Bd8 49. Rg4 Kf7 50. Rf4+ Ke6 51. Rg4 Bf6 52. Be3 a4 53. Bxc5 axb3 54. axb3 Ra2 55. Bd4 Kf5 56. Rg3 Bg5 57. c4 dxc4+ 58. Kxc4 g6 59. Rf3+ Ke4 60. Rf2 Rxf2 61. Bxf2 Be7 62. b4 g5 63. Bc5 Bd8 64. Bf2 g4 65. Kc5 Be7+ 66. Kxc6 Bxb4 67. Kb5 Bd2 68. Kc4 Be3 69. Bg3 Bb6 70. Kc3 Ke3 71. Kc4 Ke2 72. Kd5 Kf1 73. Ke4 Kxg2 74. Kf4 Kh3 75. Be1 Bc7+ 76. Ke4 Kg2 77. Kf5 Kf3 78. Kg5 Bg3 79. Ba5 Bf4+ 80. Kh4 g3 81. Kh3 Be3 82. Bc7 g2 83. Bh2 Bf2 84. Bg3 g1Q 0-1